Prácticas restrictivas y discriminatorias en el comercio internacional

Saved in:
Bibliographic Details
Main Author: Barros Charlín, Raymundo (Author)
Format: Book
Language:Spanish
Published: Santiago Universitaria 1979
Series:Estudios Internacionales
Subjects:
Tags: Add Tag
No Tags, Be the first to tag this record!

MARC

LEADER 00000nam a2200000 a 4500
001 UCV0492
003 CL-VaPUC
008 881006e19790000CL |||||||||||||||||spa|d
082 0 4 |a 341.753  |b BAR  |2 21 
100 |a Barros Charlín, Raymundo  |e author  |9 294971 
245 1 0 |a Prácticas restrictivas y discriminatorias en el comercio internacional 
300 |a 180 p 
942 |c BK 
945 |d 19881006 00:00:00 
260 |a Santiago  |b Universitaria  |c 1979 
650 0 |a Aranceles de aduanas  |9 316382 
650 7 |a COMERCIO INTERNACIONAL  |2 CL-VaPUC  |9 294983 
650 7 |a TRATADOS COMERCIALES  |2 CL-VaPUC  |9 294984 
583 |a last modification  |c 19881006 00:00:00  |k Rodrigo Vera 
490 0 |a Estudios Internacionales 
999 |c 208929  |d 208927 
952 |0 0  |1 0  |4 0  |6 341_753000000000000_BAR_1979  |7 0  |8 A  |9 183944  |a BIBDER  |b BIBDER  |d 2019-11-14  |i 2508648  |o 341.753 BAR 1979  |p 2508648  |r 2023-01-25  |w 2019-11-14  |y BK  |k DER